Seven North / (Запис № 547804)

МАРК-запис
000 -LEADER
fixed length control field 01295cam a2200325 a 4500
001 - CONTROL NUMBER
control field sevennorth00ravi
003 - CONTROL NUMBER IDENTIFIER
control field CaSfIA
005 - DATE AND TIME OF LATEST TRANSACTION
control field 20210119081607.0
007 - PHYSICAL DESCRIPTION FIXED FIELD--GENERAL INFORMATION
fixed length control field cr||||
008 - FIXED-LENGTH DATA ELEMENTS--GENERAL INFORMATION
fixed length control field 850129s1985 nyu 000 1 eng
010 ## - LIBRARY OF CONGRESS CONTROL NUMBER
LC control number 85001605
040 ## - CATALOGING SOURCE
Original cataloging agency DLC
Transcribing agency DLC
Modifying agency BTCTA
-- YDXCP
-- BAKER
-- FN2
-- CaSfIA
020 ## - INTERNATIONAL STANDARD BOOK NUMBER
International Standard Book Number 0525243399 :
Terms of availability $16.95
020 ## - INTERNATIONAL STANDARD BOOK NUMBER
International Standard Book Number 9780525243397
035 ## - SYSTEM CONTROL NUMBER
System control number (OCoLC)11728408
050 00 - LIBRARY OF CONGRESS CALL NUMBER
Classification number PS3568.A84
Item number S4 1985
082 04 - DEWEY DECIMAL CLASSIFICATION NUMBER
Classification number 813/.54
Edition number 19
029 1# - (OCLC)
OCLC library identifier NZ1
System control number 2893277
029 1# - (OCLC)
OCLC library identifier AU@
System control number 000003748185
100 1# - MAIN ENTRY--PERSONAL NAME
Personal name Ravin, Neil.
245 10 - TITLE STATEMENT
Title Seven North /
Medium [electronic resource]
Statement of responsibility, etc Neil Ravin.
250 ## - EDITION STATEMENT
Edition statement 1st ed.
260 ## - PUBLICATION, DISTRIBUTION, ETC. (IMPRINT)
Place of publication, distribution, etc New York :
Name of publisher, distributor, etc E.P. Dutton/S. Lawrence,
Date of publication, distribution, etc c1985.
300 ## - PHYSICAL DESCRIPTION
Extent 371 p. ;
Dimensions 25 cm.
506 ## - RESTRICTIONS ON ACCESS NOTE
Standardized terminology for access restriction Необхідна авторизація на https://archive.org/ (створення облікового запису безкоштовно)
506 ## - RESTRICTIONS ON ACCESS NOTE
Standardized terminology for access restriction Необхідна авторизація на https://openlibrary.org/ (створення облікового запису безкоштовно)
856 41 - ELECTRONIC LOCATION AND ACCESS
Uniform Resource Identifier <a href="http://www.archive.org/details/sevennorth00ravi">http://www.archive.org/details/sevennorth00ravi</a>
Public note Free eBook from the Internet Archive
856 42 - ELECTRONIC LOCATION AND ACCESS
Uniform Resource Identifier <a href="http://www.openlibrary.org/books/OL3021432M">http://www.openlibrary.org/books/OL3021432M</a>
Public note Additional information and access via Open Library
942 ## - ADDED ENTRY ELEMENTS (KOHA)
Koha item type ЕКнига

Немає доступних примірників.